Programas de segundo curso / Escuela de Capataces Agrícolas de Caldas de Montbuy
Descripción Física:
47 p. ; 17 cm
MARC
| LEADER | 00000nam a2200000Ia 4500 | ||
|---|---|---|---|
| 001 | 6126 | ||
| 003 | BGR | ||
| 005 | 20260324175300.0 | ||
| 008 | 160829s1960 xx 000 0 cat d | ||
| 080 | |a FU-1-24 | ||
| 110 | 1 | |a Escuela de Capataces Agrícolas (Caldes de Montbui) |9 70821 | |
| 245 | |a Programas de segundo curso / Escuela de Capataces Agrícolas de Caldas de Montbuy | ||
| 260 | |a Barcelona : |b (Casa P. de Caridad), |c 1960 | ||
| 300 | |a 47 p. ; |c 17 cm | ||
| 650 | |a Escola Pràctica d'Agricultura (Caldes de Montbui) |x Currículums |9 24732 | ||
| 901 | |a Arxiu | ||
| 942 | |n 1 |2 udc |c MON | ||
| 952 | |0 0 |1 0 |4 0 |6 FU124 |7 1 |9 43291 |a Arxiu |b Arxiu |d 2016-12-01 |l 0 |o FU-1-24 |p 6126 |r 2016-12-01 00:00:00 |w 2016-12-01 |y ARXIU | ||
| 999 | |c 45836 |d 45836 | ||